01075 a2200169 45000010006000000050017000060080041000230030015000640400040000790800133001192450061002522640037003133000019003505050504003690410008008731000024008815803320260407155840.0260407a1972 arg spa dAR-UNSa-BCEJYS aAR-UNSa-BCEJYSbspacAR-UNSa-BCEJYS a349.2(094.5)x(Legislación del trabajo (Legislación laboral, contrato de trabajo,procedimiento laboral,riesgo laboral etc.))10aLegislación de la construcción y derecho del trabajo 1aBuenos Aires :bPlus Ultrac1972 a198 p.c20 cm. a1. Generalidades legales – 2.obligaciones – 3. Restricciones al dominio – 4. Concepto de legislación de la construcción – 5. Sociedades: civiles y comerciales – 6. La locación de obra – 7. Responsabilidad del constructor de una obra – 8. Medianería – 9. Derecho del trabajo – 10. Regulación del tiempo de presentación del trabajo – 11. Suspensión del contrato de trabajo – 12. Responsabilidad patronal en los accidentes de trabajo – 12. La justicia del trabajo  aspa1 aSánchez, Pedro C.